| 000 | 01149cam a22003737a 4500 | ||
|---|---|---|---|
| 003 | CHAP | ||
| 005 | 20220817041236.0 | ||
| 008 | 971013s1993 it r 00010 eng d | ||
| 010 | _a9443 | ||
| 011 | _a10415 | ||
| 035 | _a9652 | ||
| 040 | _cCHAP | ||
| 082 |
_a639.2 _bF3y v.333 |
||
| 110 | _aFAO | ||
| 245 | 1 | 0 |
_aFishery intensification in small water bodies _b: a review for North America |
| 260 |
_aRome : _bFAO, _c1993 |
||
| 300 |
_a44 p. _b; gráfs |
||
| 410 | _aFAO | ||
| 490 | 0 |
_aDocumento técnico de pesca _v; 333 |
|
| 590 |
_aBATCH-UPD _b10 _c20130110 _lUCH01 _h1905 |
||
| 590 |
_aBATCH-UPD _b10 _c20130410 _lUCH01 _h1233 |
||
| 590 |
_aBATCH-UPD _b10 _c20130914 _lUCH01 _h1213 |
||
| 590 |
_aCONVERSION _b10 _c20130109 _lUCH01 _h1306 |
||
| 650 | 1 | 4 |
_aEstanques piscícolas. _938273 |
| 650 | 1 | 4 |
_aPesca _xCanadá. _987367 |
| 650 | 1 | 4 |
_aPesca _xE.U.A. _987374 |
| 700 | 0 |
_aDavies, William D. _931236 |
|
| 700 | 0 |
_aMoehl, John F., Jr. _976449 |
|
| 810 | 0 | _aFAO | |
| 830 | 0 | 0 |
_aDocumento técnico de pesca _v; 333 _933242 |
| 901 | _aBK | ||
| 942 | _cLIBRO | ||
| 949 |
_a639.2 F3y v.333 _bBC _cFAO _d33724002234637 _eFAO1 _gDonaciØn _h86170 _i9652 _si |
||
| 999 |
_c9443 _d9443 |
||